00369nam a2200133 a 45000010010000000030011000100080041000210350026000620820014000881000023001022450059001252600037001846500014002210000-8637ELIB.Books110520 1981  a(ELIB.Books)0000-8783 a251 bSku aSkudlarek, William aThe Word in Worship: preaching in a liturgical context bNashville: Abingdon Press c1981 aPreaching